000 00522nam a2200181Ia 4500
003 GCL
008 140319s9999 xx 000 0 ara d
040 _aGCL /
_cGCL
082 0 4 _a227.6
_bش و
100 1 _aشوقى ضيف
245 1 0 _aالوجيز فى تفسير القرآن الكريم /
_cشوقى ضيف
300 _a1048 ص
490 _aالهيئة العامة للاستعلامات
_v0
650 0 4 _aالاسلام
650 0 4 _aالقران - تفسير
650 0 4 _aالقران
942 _2ddc
_cBK
999 _c48931
_d48931